[Event "19th Bosna it"]
[Site "Sarajevo YUG"]
[Date "1980.03.24"]
[Round "8"]
[White "Kelecevic, Nedeljko"]
[Black "Trois, Francisco"]
[Result "1-0"]
[WhiteElo "2380"]
[BlackElo "2395"]
[EventDate "1980.03.16"]
[PlyCount "105"]

1.d4 Nf6 2.c4 g6 3.Nc3 Bg7 4.Nf3 O-O 5.g3 d6 6.Bg2 Nbd7 7.O-O e5 8.e4 c6 
9.h3 Qb6 10.Re1 Re8 11.Re2 exd4 12.Nxd4 Ng4 13.Rd2 Nge5 14.b3 Nc5 15.Rc2 
f5 16.Be3 a5 17.exf5 gxf5 18.Rd2 Qc7 19.Qc2 Nf7 20.Rad1 Qe7 21.Re2 Qf6 22.
Ree1 Bd7 23.Nde2 Ne6 24.Na4 Re7 25.Bd2 Rae8 26.Nb6 Nc5 27.Nxd7 Nxd7 28.Nf4
Rxe1+ 29.Bxe1 Bh6 30.Bxa5 Bxf4 31.gxf4 Nc5 32.Bc3 Qg6 33.Kh2 Kf8 34.Rg1 
Qh5 35.Bg7+ Ke7 36.Re1+ Kd8 37.Rxe8+ Kxe8 38.Bd4 Ne6 39.Be3 Nh6 40.Kg1 Qh4
41.Qd2 Kd7 42.b4 Nf7 43.b5 Nfd8 44.a4 Qf6 45.Kh2 Nc7 46.Qd3 Kc8 47.a5 Qe6 
48.a6 bxa6 49.bxc6 a5 50.Qb3 Qf7 51.Ba7 Na6 52.Bb6 Nc5 53.Qb5 1-0

[Event "19th Bosna it"]
[Site "Sarajevo YUG"]
[Date "1980.03.24"]
[Round "8"]
[White "Kurajica, Bojan"]
[Black "Osmanovic, Kemal"]
[Result "1/2-1/2"]
[WhiteElo "2505"]
[BlackElo "2405"]
[EventDate "1980.03.16"]
[PlyCount "23"]

1.d4 d5 2.c4 e6 3.Nc3 Nf6 4.Bg5 Be7 5.Nf3 h6 6.Bh4 O-O 7.e3 b6 8.cxd5 Nxd5
9.Bxe7 Qxe7 10.Nxd5 exd5 11.Be2 Bb7 12.O-O 1/2-1/2

[Event "19th Bosna it"]
[Site "Sarajevo YUG"]
[Date "1980.03.24"]
[Round "8"]
[White "Nikolic, Predrag"]
[Black "Szekely, Peter"]
[Result "1-0"]
[WhiteElo "2330"]
[BlackElo "2210"]
[EventDate "1980.03.16"]
[PlyCount "129"]

1.d4 Nf6 2.c4 g6 3.g3 Bg7 4.Bg2 c5 5.d5 d6 6.Nf3 O-O 7.O-O Na6 8.Nc3 Nc7 
9.e4 Rb8 10.a4 a6 11.a5 b5 12.axb6 Rxb6 13.Re1 Bg4 14.Qc2 Bxf3 15.Bxf3 Nd7
16.Ra2 e6 17.Bd2 Re8 18.Bd1 exd5 19.exd5 Rxe1+ 20.Bxe1 Qe7 21.Kf1 Nf6 22.
b3 Rb8 23.Qd3 Qd7 24.Kg2 Re8 25.Re2 Rxe2 26.Qxe2 Kf8 27.Na4 Qe7 28.Ba5 
Nce8 29.Nc3 Qxe2 30.Bxe2 Nd7 31.Ne4 Ke7 32.g4 Bd4 33.f4 f6 34.Bd3 Bb2 35.
h4 Ng7 36.Ng3 Ne8 37.Kf3 Ba3 38.h5 Kf7 39.Bd8 Bb4 40.Bc2 Kg7 41.Ke2 Kf7 
42.g5 f5 43.hxg6+ hxg6 44.Nxf5 gxf5 45.Bxf5 Nf8 46.Kd3 Ng7 47.Bc8 Ng6 48.
Ke4 Bd2 49.f5 Ne7 50.Be6+ Nxe6 51.dxe6+ Ke8 52.Bc7 Bxg5 53.Bxd6 Nc6 54.
Bxc5 Na5 55.Bd6 Nxb3 56.c5 Na5 57.Kd5 Nb7 58.Be5 Nxc5 59.Kxc5 Ke7 60.Kb6 
Bh4 61.Kxa6 Bf2 62.Kb5 Be3 63.Kc6 Bg5 64.Kd5 Bh4 65.f6+ 1-0

[Event "19th Bosna it"]
[Site "Sarajevo YUG"]
[Date "1980.03.25"]
[Round "9"]
[White "Bagirov, Vladimir"]
[Black "Knezevic, Milorad"]
[Result "1/2-1/2"]
[WhiteElo "2560"]
[BlackElo "2500"]
[EventDate "1980.03.16"]
[PlyCount "45"]

1.d4 Nf6 2.c4 e6 3.Nc3 Bb4 4.e3 Nc6 5.Ne2 d5 6.a3 Be7 7.Ng3 h5 8.Bd3 h4 9.
Nge2 h3 10.g3 dxc4 11.Bxc4 e5 12.d5 Nb8 13.f3 e4 14.fxe4 Nbd7 15.Nd4 O-O 
16.O-O Ne5 17.b3 g6 18.Bb2 Nfg4 19.Qe2 a6 20.Nd1 Bd6 21.Nf2 Qg5 22.Nxg4 
Bxg4 23.Qd2 1/2-1/2

[Event "19th Bosna it"]
[Site "Sarajevo YUG"]
[Date "1980.03.25"]
[Round "9"]
[White "Marjanovic, Slavoljub"]
[Black "Ivkov, Borislav"]
[Result "1/2-1/2"]
[WhiteElo "2505"]
[BlackElo "2530"]
[EventDate "1980.03.16"]
[PlyCount "57"]

1.e4 e5 2.Nf3 Nc6 3.Bb5 a6 4.Ba4 Nf6 5.O-O Be7 6.Re1 b5 7.Bb3 d6 8.c3 O-O 
9.d4 Bg4 10.d5 Na5 11.Bc2 c5 12.Nbd2 c4 13.h3 Bd7 14.Kh1 Nb7 15.Rg1 Nc5 
16.Qe2 Nh5 17.Nf1 g6 18.g4 Nf4 19.Bxf4 exf4 20.Qd2 Bg5 21.N1h2 Bh6 22.Rae1
Qe7 23.h4 Rae8 24.Rg2 a5 25.a3 Nb3 26.Bxb3 cxb3 27.Rgg1 Rc8 28.g5 Bg7 29.
Nd4 1/2-1/2

[Event "19th Bosna it"]
[Site "Sarajevo YUG"]
[Date "1980.03.25"]
[Round "9"]
[White "Osmanovic, Kemal"]
[Black "Hort, Vlastimil"]
[Result "0-1"]
[WhiteElo "2405"]
[BlackElo "2595"]
[EventDate "1980.03.16"]
[PlyCount "60"]

1.Nf3 c5 2.b3 d5 3.e3 Nf6 4.Bb2 Nc6 5.Bb5 Bd7 6.O-O g6 7.Qe2 Bg7 8.Bxc6 
Bxc6 9.Ne5 Qc7 10.Nxc6 Ng4 11.Ne5 Nxe5 12.Nc3 Qc6 13.f4 Nd7 14.Qf3 e6 15.
Nd1 Bxb2 16.Nxb2 O-O 17.Nd3 Rac8 18.Ne5 Qd6 19.Nxd7 Qxd7 20.d3 Rfd8 21.
Rad1 Qb5 22.e4 dxe4 23.Qxe4 Rd4 24.Qe3 Rcd8 25.Rfe1 Qb4 26.a4 Qc3 27.Re2 
R8d5 28.h3 Rb4 29.Kh2 Kg7 30.Qg3 Rf5 {... 79 moves.} 0-1

[Event "19th Bosna it"]
[Site "Sarajevo YUG"]
[Date "1980.03.25"]
[Round "9"]
[White "Szekely, Peter"]
[Black "Kelecevic, Nedeljko"]
[Result "1/2-1/2"]
[WhiteElo "2210"]
[BlackElo "2380"]
[EventDate "1980.03.16"]
[PlyCount "26"]

1.e4 c6 2.d4 d5 3.Nd2 dxe4 4.Nxe4 Nd7 5.Nf3 Ngf6 6.Nxf6+ Nxf6 7.Ne5 Be6 8.
Be2 g6 9.O-O Bg7 10.c3 O-O 11.Re1 Nd7 12.Nd3 Bc4 13.Bf4 Re8 1/2-1/2

[Event "19th Bosna it"]
[Site "Sarajevo YUG"]
[Date "1980.03.25"]
[Round "9"]
[White "Trois, Francisco"]
[Black "Uhlmann, Wolfgang"]
[Result "1-0"]
[WhiteElo "2395"]
[BlackElo "2510"]
[EventDate "1980.03.16"]
[PlyCount "89"]

1.Nf3 Nf6 2.c4 g6 3.Nc3 Bg7 4.e4 d6 5.d4 O-O 6.Be3 c6 7.Be2 Nbd7 8.O-O Ng4
9.Bg5 f6 10.Bc1 e5 11.dxe5 dxe5 12.b4 Re8 13.h3 Nh6 14.Be3 Nf8 15.Qxd8 
Rxd8 16.Rfd1 Rxd1+ 17.Rxd1 Nf7 18.Nd2 Ne6 19.Nb3 f5 20.f3 Kf8 21.c5 Bf6 
22.Bc4 f4 23.Bf2 Bd8 24.a4 g5 25.b5 h5 26.Na2 a6 27.bxc6 bxc6 28.Nb4 g4 
29.hxg4 hxg4 30.Nxc6 Bf6 31.Kf1 Nfg5 32.Ke2 gxf3+ 33.gxf3 Nxf3 34.Kxf3 
Ng5+ 35.Kg2 Bg4 36.Rd6 Kg7 37.Bh4 Bf3+ 38.Kf1 Rh8 39.Bxg5 Bxg5 40.Nxe5 
Bxe4 41.Rd7+ Kf6 42.Ng4+ Kf5 43.Nf2 Bf6 44.Nxe4 Kxe4 45.Nd2+ 1-0

[Event "19th Bosna it"]
[Site "Sarajevo YUG"]
[Date "1980.03.26"]
[Round "10"]
[White "Arapovic, Vitomir"]
[Black "Marjanovic, Slavoljub"]
[Result "1-0"]
[WhiteElo "2385"]
[BlackElo "2505"]
[EventDate "1980.03.16"]
[PlyCount "127"]

1.e4 c5 2.Nf3 e6 3.Nc3 Nc6 4.Bb5 Nge7 5.O-O a6 6.Bxc6 Nxc6 7.d4 cxd4 8.
Nxd4 Qc7 9.Nxc6 Qxc6 10.Qg4 b5 11.a3 Bb7 12.Be3 h5 13.Qg5 h4 14.Rfe1 h3 
15.g3 Rh7 16.Nd5 d6 17.Bd4 Qd7 18.Rad1 Rc8 19.c3 Qd8 20.Bf6 Qd7 21.Bd4 Qd8
22.Qg4 Rc4 23.Ne3 Rc6 24.Nf5 g6 25.Nh4 Bc8 26.e5 Rh5 27.Nxg6 Rg5 28.Qf3 
Bb7 29.Nxf8 Kxf8 30.exd6 Rf5 31.Qg4 Rxd6 32.Bg7+ Ke7 33.Qxf5 Rxd1 34.Qc5+ 
Qd6 35.Qxd6+ Rxd6 36.Bd4 Rd5 37.f4 f6 38.Kf2 Kf7 39.g4 Bc8 40.Kg3 Rd8 41.
Kxh3 Rg8 42.Be3 e5 43.f5 Rd8 44.Kg3 Rd3 45.h4 Rd8 46.Kf2 Rg8 47.Rg1 Bb7 
48.Rd1 Be4 49.Rg1 a5 50.h5 a4 51.h6 Rd8 52.Kg3 Rd3 53.Re1 Kg8 54.Kh4 Kh7 
55.Bg5 fxg5+ 56.Kxg5 Bc6 57.Rxe5 Rd7 58.Kf4 Bd5 59.g5 Bc4 60.Kg4 Bd5 61.
Re2 Rb7 62.Rh2 Rd7 63.g6+ Kh8 64.h7 1-0

[Event "19th Bosna it"]
[Site "Sarajevo YUG"]
[Date "1980.03.26"]
[Round "10"]
[White "Ivkov, Borislav"]
[Black "Trois, Francisco"]
[Result "1/2-1/2"]
[WhiteElo "2530"]
[BlackElo "2395"]
[EventDate "1980.03.16"]
[PlyCount "41"]

1.e4 g6 2.d4 Bg7 3.c4 d6 4.Nc3 Nf6 5.Nf3 O-O 6.h3 c5 7.d5 e6 8.Bd3 exd5 9.
exd5 Re8+ 10.Be3 Bh6 11.O-O Bxe3 12.fxe3 Rf8 13.e4 Nbd7 14.Qd2 Ne8 15.Bc2 
Qe7 16.Ba4 f6 17.Rf2 Nc7 18.Raf1 Nb6 19.b3 Bd7 20.Bxd7 Nxd7 21.Qf4 1/2-1/2

[Event "19th Bosna it"]
[Site "Sarajevo YUG"]
[Date "1980.03.26"]
[Round "10"]
[White "Kurajica, Bojan"]
[Black "Bagirov, Vladimir"]
[Result "1/2-1/2"]
[WhiteElo "2505"]
[BlackElo "2560"]
[EventDate "1980.03.16"]
[PlyCount "41"]

1.e4 c6 2.d4 d5 3.Nd2 dxe4 4.Nxe4 Nd7 5.Nf3 Ngf6 6.Nxf6+ Nxf6 7.Ne5 Be6 8.
Be2 g6 9.O-O Bg7 10.c3 O-O 11.Bf3 Nd7 12.Nxd7 Qxd7 13.Bf4 Bd5 14.Re1 Qf5 
15.Bxd5 Qxf4 16.Bf3 e6 17.Qb3 Qc7 18.a3 a5 19.Re2 Rad8 20.Qc4 Rd6 21.Rae1 
1/2-1/2

[Event "19th Bosna it"]
[Site "Sarajevo YUG"]
[Date "1980.03.26"]
[Round "10"]
[White "Nikolic, Predrag"]
[Black "Osmanovic, Kemal"]
[Result "1-0"]
[WhiteElo "2330"]
[BlackElo "2405"]
[EventDate "1980.03.16"]
[PlyCount "81"]

1.c4 c5 2.Nf3 Nf6 3.g3 b6 4.Bg2 Bb7 5.O-O e6 6.Nc3 Nc6 7.d4 Nxd4 8.Nxd4 
Bxg2 9.Kxg2 cxd4 10.Qxd4 Bc5 11.Qd3 O-O 12.Bf4 d5 13.cxd5 Nxd5 14.Nxd5 
Qxd5+ 15.Qxd5 exd5 16.Rfd1 d4 17.a3 a5 18.Bd2 Be7 19.Rac1 Rac8 20.Bf4 g5 
21.Rxc8 Rxc8 22.Be5 Rc2 23.Bxd4 Rxe2 24.Bxb6 Rxb2 25.Bxa5 Ra2 26.Bb4 Bxb4 
27.axb4 Rb2 28.Rd4 h5 29.h4 g4 30.Kf1 Kg7 31.Rf4 Kf8 32.Ke1 Ke7 33.Kd1 Ke6
34.Kc1 Ra2 35.b5 Ra5 36.Rb4 Kd7 37.Kd2 Kc7 38.Ke3 Ra3+ 39.Kf4 Rf3+ 40.Kg5 
Rxf2 41.Kxh5 1-0

[Event "19th Bosna it"]
[Site "Sarajevo YUG"]
[Date "1980.03.26"]
[Round "10"]
[White "Uhlmann, Wolfgang"]
[Black "Szekely, Peter"]
[Result "1/2-1/2"]
[WhiteElo "2510"]
[BlackElo "2210"]
[EventDate "1980.03.16"]
[PlyCount "180"]

1.c4 g6 2.e4 e5 3.g3 Nc6 4.Bg2 Bg7 5.Ne2 d6 6.Nbc3 Nh6 7.d3 f5 8.h4 Nf7 9.
h5 g5 10.exf5 Bxf5 11.Be3 h6 12.Be4 Qd7 13.Nd5 Be6 14.Qa4 O-O 15.f3 Rad8 
16.O-O-O Nd4 17.Qxd7 Nxe2+ 18.Kd2 Rxd7 19.Kxe2 c6 20.Bxa7 Ra8 21.Bf2 Rxa2 
22.Rd2 Nd8 23.Nb6 Re7 24.g4 Bf7 25.b4 Ra3 26.Be3 Ne6 27.Nc8 Rd7 28.Bf5 Rd8
29.Ne7+ Kf8 30.Ng6+ Ke8 31.Rb1 Rda8 32.b5 c5 33.Be4 Nd8 34.Rdb2 Be6 35.Kd2
Kd7 36.Bf2 Kc7 37.Kc2 Kd7 38.Be1 Kc7 39.Ne7 R8a4 40.b6+ Kd7 41.Nd5 Bxd5 
42.cxd5 Ke7 43.Bc3 Ra8 44.Rb5 Bf6 45.R1b3 Ra2+ 46.Bb2 R8a4 47.Rc3 Ra6 48.
Rbb3 R6a4 49.Ra3 R4xa3 50.Rxa3 Rxa3 51.Bxa3 Kf7 52.Bf5 Be7 53.Bc8 Ke8 54.
Kd2 Kf7 55.Bc1 Kf6 56.Ke3 Bf8 57.Ke4 Be7 58.Bd2 Bf8 59.Be1 Be7 60.Bd7 Bf8 
61.Be8 Ke7 62.Bg6 Kf6 63.Ke3 Nf7 64.Kd2 Nd8 65.Kc3 Ke7 66.Kc4 Kd7 67.Bf2 
Be7 68.Bg3 Bf6 69.Be1 Be7 70.Kc3 Bf6 71.Kd2 Ke7 72.Ke3 Kf8 73.Ke4 Be7 74.
Kf5 Kg8 75.Be8 Kf8 76.Bb5 Kf7 77.Bf2 Bf8 78.Bc4 Kg7 79.Bb3 Be7 80.Be3 Bf8 
81.Ba4 Be7 82.Bd7 Kf7 83.Be6+ Nxe6 84.dxe6+ Kg7 85.Bd2 Kh7 86.Ba5 Kg7 87.
Be1 Kh7 88.Ke4 Kg7 89.Kd5 Kf8 90.Bd2 Kg7 1/2-1/2

[Event "19th Bosna it"]
[Site "Sarajevo YUG"]
[Date "1980.03.28"]
[Round "11"]
[White "Bagirov, Vladimir"]
[Black "Hort, Vlastimil"]
[Result "1/2-1/2"]
[WhiteElo "2560"]
[BlackElo "2595"]
[EventDate "1980.03.16"]
[PlyCount "43"]

1.Nf3 c5 2.c4 Nf6 3.Nc3 e6 4.d4 cxd4 5.Nxd4 Nc6 6.e3 Bb4 7.Bd2 O-O 8.Be2 
d5 9.Nxc6 bxc6 10.O-O Bd6 11.Qc2 Ba6 12.Rfd1 Qb8 13.h3 Nd7 14.cxd5 Bxe2 
15.Nxe2 cxd5 16.Rac1 Bh2+ 17.Kh1 Be5 18.Bc3 Rc8 19.Bxe5 Nxe5 20.Qxc8+ Qxc8
21.Rxc8+ Rxc8 22.Rc1 1/2-1/2

[Event "19th Bosna it"]
[Site "Sarajevo YUG"]
[Date "1980.03.28"]
[Round "11"]
[White "Bistric, Faruk"]
[Black "Uhlmann, Wolfgang"]
[Result "1/2-1/2"]
[WhiteElo "2245"]
[BlackElo "2510"]
[EventDate "1980.03.16"]
[PlyCount "163"]

1.e4 e6 2.d4 d5 3.Nd2 c5 4.exd5 exd5 5.Ngf3 Nc6 6.Bb5 Bd6 7.dxc5 Bxc5 8.
Nb3 Bd6 9.O-O Ne7 10.Re1 O-O 11.Bg5 a6 12.Be2 h6 13.Bh4 Qb6 14.Bg3 Bxg3 
15.hxg3 Nf5 16.Kf1 Be6 17.Bd3 a5 18.a4 Rad8 19.Bxf5 Bxf5 20.Nbd4 Be4 21.
Nb5 f5 22.Qd2 d4 23.Rad1 Nb4 24.Nfxd4 Bxc2 25.Re6 Qxe6 26.Nxe6 Rxd2 27.
Rxd2 Re8 28.Ned4 Bxa4 29.Nd6 Re7 30.b3 Rd7 31.Nc4 Bc6 32.Nxa5 Be4 33.Kg1 
b5 34.f3 Ba8 35.Re2 Rxd4 36.Re8+ Kh7 37.Rxa8 Rd1+ 38.Kh2 Ra1 39.Ra7 Nd3 
40.Nc6 Rc1 41.Ne7 Nf2 42.g4 f4 43.g3 Nxg4+ 44.fxg4 f3 45.Ra2 Re1 46.Rf2 
Rxe7 47.Rxf3 Re2+ 48.Kh3 Rb2 49.Rd3 Kg6 50.g5 hxg5 51.Kg4 Kh6 52.Rd6+ g6 
53.Rd3 Rb1 54.Re3 Rd1 55.Re4 Rd3 56.Rb4 Rd5 57.Re4 Kg7 58.Re7+ Kf6 59.Re4 
Rc5 60.Re3 Kg7 61.Re7+ Kh6 62.Re3 Kg7 63.Re7+ Kf6 64.Re3 Rf5 65.Re8 Kf7 
66.Re2 Rd5 67.Re3 Kf6 68.Re4 Rd8 69.Rb4 Rb8 70.Re4 Rc8 71.Re3 Rc5 72.Rf3+ 
Ke6 73.Re3+ Kd5 74.Rd3+ Ke5 75.b4 Rc4+ 76.Kxg5 Rxb4 77.Kxg6 Rd4 78.Re3+ 
Re4 79.Rf3 b4 80.Kh5 Kd4 81.g4 Re3 82.Rf1 1/2-1/2

[Event "19th Bosna it"]
[Site "Sarajevo YUG"]
[Date "1980.03.28"]
[Round "11"]
[White "Knezevic, Milorad"]
[Black "Kurajica, Bojan"]
[Result "1/2-1/2"]
[WhiteElo "2500"]
[BlackElo "2505"]
[EventDate "1980.03.16"]
[PlyCount "37"]

1.d4 d5 2.c4 e6 3.Nc3 Nf6 4.Nf3 Be7 5.cxd5 exd5 6.Bg5 c6 7.Qc2 g6 8.e3 Bf5
9.Bd3 Bxd3 10.Qxd3 Nbd7 11.O-O O-O 12.h3 Re8 13.Rfe1 Ne4 14.Bxe7 Qxe7 15.
Nd2 Nxd2 16.Qxd2 Nf6 17.Rac1 Ne4 18.Nxe4 Qxe4 19.Qc2 1/2-1/2

[Event "19th Bosna it"]
[Site "Sarajevo YUG"]
[Date "1980.03.28"]
[Round "11"]
[White "Osmanovic, Kemal"]
[Black "Kelecevic, Nedeljko"]
[Result "1/2-1/2"]
[WhiteElo "2405"]
[BlackElo "2380"]
[EventDate "1980.03.16"]
[PlyCount "25"]

1.c4 e6 2.Nc3 d5 3.d4 Be7 4.Nf3 Nf6 5.Bg5 O-O 6.e3 h6 7.Bh4 b6 8.Rc1 Bb7 
9.Bxf6 Bxf6 10.cxd5 exd5 11.Qb3 Re8 12.Be2 c6 13.O-O 1/2-1/2

[Event "19th Bosna it"]
[Site "Sarajevo YUG"]
[Date "1980.03.28"]
[Round "11"]
[White "Trois, Francisco"]
[Black "Arapovic, Vitomir"]
[Result "0-1"]
[WhiteElo "2395"]
[BlackElo "2385"]
[EventDate "1980.03.16"]
[PlyCount "78"]

1.d4 g6 2.e4 Bg7 3.Nc3 d6 4.Nge2 Nc6 5.d5 Na5 6.g3 c5 7.Bg2 Nf6 8.h3 O-O 
9.O-O a6 10.a3 b5 11.Kh2 Bd7 12.f4 Nc4 13.b3 Nxa3 14.Bxa3 b4 15.Bb2 bxc3 
16.Nxc3 Ne8 17.Re1 Bd4 18.Qd2 Nc7 19.Nd1 Nb5 20.e5 Bxb2 21.Nxb2 Nd4 22.Nc4
Qb8 23.Na5 h5 24.e6 Be8 25.c3 Nxb3 26.Nxb3 Qxb3 27.Rab1 Qa4 28.f5 fxe6 29.
fxe6 Bb5 30.Re4 Qa5 31.g4 h4 32.Rg1 Kg7 33.Qb2 Bd3 34.c4+ Kh7 35.Qb7 Rae8 
36.Re3 Qd2 37.Rxd3 Qxd3 38.Qd7 Qxc4 39.Kh1 Qb5 {White lost on time} 0-1

[Event "19th Bosna it"]
[Site "Sarajevo YUG"]
[Date "1980.03.29"]
[Round "12"]
[White "Arapovic, Vitomir"]
[Black "Szekely, Peter"]
[Result "0-1"]
[WhiteElo "2385"]
[BlackElo "2210"]
[EventDate "1980.03.16"]
[PlyCount "70"]

1.e4 c5 2.Nf3 d6 3.d4 cxd4 4.Nxd4 Nf6 5.Nc3 a6 6.f4 Qc7 7.Bd3 b5 8.Nf3 
Nbd7 9.O-O Bb7 10.Qe1 e5 11.Kh1 g6 12.a3 Bg7 13.fxe5 dxe5 14.Qh4 O-O 15.
Bh6 Nh5 16.Bxg7 Kxg7 17.Ng5 Ndf6 18.Rf3 h6 19.Nh3 Rfe8 20.Raf1 Re6 21.Ne2 
Qe7 22.g4 Nf4 23.g5 Nxe4 24.Qxh6+ Kg8 25.Bxe4 Bxe4 26.Nhxf4 exf4 27.Nxf4 
Bxf3+ 28.Rxf3 Re1+ 29.Kg2 Qe4 30.Kg3 Re3 31.Rxe3 Qxe3+ 32.Kg4 Qg1+ 33.Kf3 
Re8 34.Ng2 Qf1+ 35.Kg3 Re2 0-1

[Event "19th Bosna it"]
[Site "Sarajevo YUG"]
[Date "1980.03.29"]
[Round "12"]
[White "Hort, Vlastimil"]
[Black "Knezevic, Milorad"]
[Result "1-0"]
[WhiteElo "2595"]
[BlackElo "2500"]
[EventDate "1980.03.16"]
[PlyCount "77"]

1.d4 Nf6 2.c4 e6 3.Nf3 Bb4+ 4.Bd2 Qe7 5.g3 Nc6 6.Nc3 O-O 7.Bg2 Bxc3 8.Bxc3
Ne4 9.Rc1 d6 10.d5 Nxc3 11.Rxc3 Nb8 12.dxe6 fxe6 13.O-O Nc6 14.Nd4 Nxd4 
15.Qxd4 Qf6 16.Qd2 Rb8 17.c5 d5 18.Rf3 Qe7 19.Rxf8+ Kxf8 20.e4 dxe4 21.Qd4
Ke8 22.Bxe4 e5 23.Qd5 Bg4 24.f3 Be6 25.Qxe5 Bxa2 26.Qxe7+ Kxe7 27.Ra1 Be6 
28.Rxa7 Kf6 29.Rxb7 Rxb7 30.Bxb7 Ke5 31.Kf2 Kd4 32.b4 g5 33.Be4 h6 34.Bb1 
Bd5 35.f4 gxf4 36.gxf4 Bf7 37.Bf5 Be8 38.Be6 Bb5 39.Kf3 1-0

[Event "19th Bosna it"]
[Site "Sarajevo YUG"]
[Date "1980.03.29"]
[Round "12"]
[White "Ivkov, Borislav"]
[Black "Bistric, Faruk"]
[Result "1-0"]
[WhiteElo "2530"]
[BlackElo "2245"]
[EventDate "1980.03.16"]
[PlyCount "101"]

1.Nf3 Nf6 2.d4 e6 3.c4 b6 4.g3 Bb7 5.Bg2 Be7 6.O-O O-O 7.Nc3 Na6 8.Ne1 
Bxg2 9.Nxg2 d5 10.Qa4 Qc8 11.cxd5 exd5 12.Bg5 c6 13.Rac1 Qb7 14.Ne3 h6 15.
Bxf6 Bxf6 16.Nf5 b5 17.Qc2 Qd7 18.Qd3 g6 19.Ne3 Nc7 20.Ng2 Ne6 21.e3 Rae8 
22.Ne2 Ng5 23.f3 h5 24.Nef4 Ne6 25.Rc3 Nxf4 26.Nxf4 Bg5 27.Ng2 Re6 28.Rfc1
Rfe8 29.f4 Bf6 30.Qf1 Rd6 31.Qf3 Re4 32.Rf1 Qf5 33.Rfc1 Qd7 34.Rf1 Qf5 35.
Rfc1 Qd7 36.Qf2 a5 37.Rf1 Qa7 38.Kh1 a4 39.Rfc1 Qd7 40.Qc2 Ree6 41.f5 gxf5
42.a3 Bg7 43.Rf1 Re4 44.Qd1 Rg4 45.Qf3 f4 46.Nxf4 h4 47.gxh4 Rxh4 48.Rc2 
Rg4 49.Rg2 Rxg2 50.Qxg2 Kf8 51.Ng6+ 1-0

[Event "19th Bosna it"]
[Site "Sarajevo YUG"]
[Date "1980.03.29"]
[Round "12"]
[White "Marjanovic, Slavoljub"]
[Black "Trois, Francisco"]
[Result "1-0"]
[WhiteElo "2505"]
[BlackElo "2395"]
[EventDate "1980.03.16"]
[PlyCount "77"]

1.d4 Nf6 2.c4 e6 3.Nf3 b6 4.a3 Ba6 5.Qc2 c5 6.d5 exd5 7.cxd5 g6 8.Nc3 d6 
9.b4 Bg7 10.Bb2 O-O 11.b5 Bc8 12.Nd2 Ng4 13.h3 Ne5 14.g3 f5 15.f4 Nf7 16.
O-O-O Nd7 17.e4 Nf6 18.Bd3 c4 19.Bxc4 fxe4 20.g4 Bd7 21.Rhe1 Rc8 22.Kb1 a6
23.Qb3 Re8 24.bxa6 e3 25.Nf1 Ne4 26.Nxe4 Rxe4 27.Bxg7 Kxg7 28.Nxe3 Rxf4 
29.Rc1 b5 30.Qb2+ Ne5 31.Bb3 Rxc1+ 32.Rxc1 Qb8 33.Nc2 Kg8 34.Nb4 Rf2 35.
Rc2 Rf1+ 36.Ka2 h5 37.Nc6 Nd3 38.a7 Bxc6 39.dxc6+ 1-0

[Event "19th Bosna it"]
[Site "Sarajevo YUG"]
[Date "1980.03.29"]
[Round "12"]
[White "Uhlmann, Wolfgang"]
[Black "Osmanovic, Kemal"]
[Result "1/2-1/2"]
[WhiteElo "2510"]
[BlackElo "2405"]
[EventDate "1980.03.16"]
[PlyCount "61"]

1.c4 Nf6 2.Nc3 c5 3.Nf3 e6 4.g3 b6 5.Bg2 Bb7 6.d4 cxd4 7.Qxd4 d6 8.O-O Be7
9.b3 O-O 10.Ba3 Na6 11.Rfd1 Nc5 12.b4 Ncd7 13.b5 Nc5 14.Qe3 Qc7 15.Nd4 
Bxg2 16.Kxg2 Nfd7 17.Bxc5 Nxc5 18.Nc6 Rfe8 19.Ne4 Nb7 20.a4 a5 21.g4 Bf8 
22.Qg3 Rac8 23.Rd4 Nd8 24.Rxd6 Nxc6 25.Rxc6 Qxg3+ 26.hxg3 Rxc6 27.bxc6 Rc8
28.c5 bxc5 29.Nd2 c4 30.Nxc4 Bb4 31.Nb2 1/2-1/2

[Event "19th Bosna it"]
[Site "Sarajevo YUG"]
[Date "1980.03.30"]
[Round "13"]
[White "Bagirov, Vladimir"]
[Black "Kelecevic, Nedeljko"]
[Result "1/2-1/2"]
[WhiteElo "2560"]
[BlackElo "2380"]
[EventDate "1980.03.16"]
[PlyCount "92"]

1.d4 Nf6 2.c4 g6 3.Nc3 Bg7 4.Bg5 h6 5.Bh4 c5 6.e3 O-O 7.Nf3 d6 8.Be2 g5 9.
Bg3 Nh5 10.dxc5 Nxg3 11.hxg3 dxc5 12.Qc2 e6 13.Rd1 Qe7 14.Nd2 f5 15.g4 f4 
16.Qe4 fxe3 17.fxe3 Nd7 18.Bd3 Rf7 19.Nf3 Nf6 20.Qg6 Nxg4 21.Ne4 Rxf3 22.
gxf3 Ne5 23.Qh5 Bd7 24.Be2 Bc6 25.Nd2 Nf7 26.Bd3 Ne5 27.Be2 Nf7 28.Bd3 Nd6
29.Rg1 Nf5 30.Ke2 Rd8 31.Ne4 Qc7 32.Qg4 Qe5 33.Rd2 Rf8 34.Rg2 Rd8 35.b3 a6
36.Qh3 Bxe4 37.fxe4 Nd6 38.Bc2 Rf8 39.Rf2 Rxf2+ 40.Kxf2 Kf7 41.Kg2 Ke7 42.
Qh5 Bf8 43.Rf2 Qg7 44.Qh2 Qc3 45.Qg3 Bg7 46.Qf3 Kd7 1/2-1/2

[Event "19th Bosna it"]
[Site "Sarajevo YUG"]
[Date "1980.03.30"]
[Round "13"]
[White "Bistric, Faruk"]
[Black "Arapovic, Vitomir"]
[Result "1/2-1/2"]
[WhiteElo "2245"]
[BlackElo "2385"]
[EventDate "1980.03.16"]
[PlyCount "63"]

1.e4 g6 2.d4 Bg7 3.Nc3 d6 4.g3 Nf6 5.Bg2 O-O 6.Nge2 e5 7.O-O Nc6 8.dxe5 
dxe5 9.Bg5 Qxd1 10.Rfxd1 Nb4 11.Rd2 c6 12.Rad1 Na6 13.h3 Re8 14.Nc1 Nc5 
15.Nb3 Nxb3 16.axb3 h6 17.Be3 Bf8 18.Ra1 a6 19.Na4 Nd7 20.Rad1 b5 21.Nb6 
Nxb6 22.Bxb6 Rb8 23.Ba7 Ra8 24.Be3 Be6 25.h4 a5 26.Kh2 a4 27.bxa4 Rxa4 28.
Rd8 Ra8 29.Rxe8 Rxe8 30.Bh3 h5 31.Bxe6 Rxe6 32.Rd8 1/2-1/2

[Event "19th Bosna it"]
[Site "Sarajevo YUG"]
[Date "1980.03.30"]
[Round "13"]
[White "Knezevic, Milorad"]
[Black "Nikolic, Predrag"]
[Result "1/2-1/2"]
[WhiteElo "2500"]
[BlackElo "2330"]
[EventDate "1980.03.16"]
[PlyCount "27"]

1.d4 d5 2.c4 dxc4 3.e3 e5 4.Bxc4 exd4 5.exd4 Bb4+ 6.Nc3 Nf6 7.Ne2 O-O 8.
O-O Nbd7 9.a3 Be7 10.h3 Nb6 11.Ba2 c6 12.Bf4 Bf5 13.g4 Bc8 14.Be3 1/2-1/2

[Event "19th Bosna it"]
[Site "Sarajevo YUG"]
[Date "1980.03.30"]
[Round "13"]
[White "Kurajica, Bojan"]
[Black "Hort, Vlastimil"]
[Result "1/2-1/2"]
[WhiteElo "2505"]
[BlackElo "2595"]
[EventDate "1980.03.16"]
[PlyCount "24"]

1.e4 e5 2.Nf3 Nf6 3.Nxe5 d6 4.Nf3 Nxe4 5.Qe2 Qe7 6.d3 Nf6 7.Bg5 Qxe2+ 8.
Bxe2 Be7 9.Nc3 c6 10.Ne4 Nbd7 11.Nxf6+ Bxf6 12.Bxf6 Nxf6 1/2-1/2

[Event "19th Bosna it"]
[Site "Sarajevo YUG"]
[Date "1980.03.30"]
[Round "13"]
[White "Osmanovic, Kemal"]
[Black "Ivkov, Borislav"]
[Result "1/2-1/2"]
[WhiteElo "2405"]
[BlackElo "2530"]
[EventDate "1980.03.16"]
[PlyCount "21"]

1.c4 e6 2.Nc3 d5 3.d4 Nf6 4.Bg5 Be7 5.Nf3 O-O 6.e3 h6 7.Bh4 b6 8.Qb3 Bb7 
9.Bxf6 Bxf6 10.cxd5 exd5 11.Rd1 1/2-1/2

[Event "19th Bosna it"]
[Site "Sarajevo YUG"]
[Date "1980.03.30"]
[Round "13"]
[White "Szekely, Peter"]
[Black "Marjanovic, Slavoljub"]
[Result "1/2-1/2"]
[WhiteElo "2210"]
[BlackElo "2505"]
[EventDate "1980.03.16"]
[PlyCount "44"]

1.Nf3 Nf6 2.d4 e6 3.c4 d5 4.Nc3 c5 5.cxd5 exd5 6.g3 Nc6 7.Bg2 Be7 8.O-O 
O-O 9.dxc5 Bxc5 10.Na4 Be7 11.Be3 Re8 12.Rc1 Bg4 13.Bc5 Ne4 14.Bxe7 Qxe7 
15.h3 Bxf3 16.exf3 Nf6 17.f4 Rad8 18.Re1 Qxe1+ 19.Qxe1 Rxe1+ 20.Rxe1 Kf8 
21.Kf1 Ne7 22.Rd1 Rc8 1/2-1/2

[Event "19th Bosna it"]
[Site "Sarajevo YUG"]
[Date "1980.03.31"]
[Round "14"]
[White "Arapovic, Vitomir"]
[Black "Osmanovic, Kemal"]
[Result "0-1"]
[WhiteElo "2385"]
[BlackElo "2405"]
[EventDate "1980.03.16"]
[PlyCount "56"]

1.e4 c5 2.Nf3 d6 3.Nc3 a6 4.d4 cxd4 5.Nxd4 Nf6 6.Be3 e5 7.Nb3 Be6 8.Qd2 
Be7 9.f3 Nbd7 10.O-O-O b5 11.g4 Nb6 12.Na5 Qc7 13.Qf2 Nfd7 14.Bxb5 axb5 
15.Nxb5 Qb8 16.Nc6 Qb7 17.Nxe7 Kxe7 18.Nxd6 Qc6 19.a3 Nc4 20.Nxc4 Qxc4 21.
Bd2 Rhb8 22.Qf1 Qa2 23.Bc3 Nc5 24.Kd2 Rxb2 25.Bxb2 Qxb2 26.Ke1 Qc3+ 27.Kf2
Rxa3 28.Kg2 Bxg4 0-1

[Event "19th Bosna it"]
[Site "Sarajevo YUG"]
[Date "1980.03.31"]
[Round "14"]
[White "Kelecevic, Nedeljko"]
[Black "Knezevic, Milorad"]
[Result "1/2-1/2"]
[WhiteElo "2380"]
[BlackElo "2500"]
[EventDate "1980.03.16"]
[PlyCount "31"]

1.d4 Nf6 2.c4 e6 3.Nf3 Bb4+ 4.Bd2 Qe7 5.Qc2 Nc6 6.e3 Bxd2+ 7.Nbxd2 d6 8.
Be2 O-O 9.O-O e5 10.d5 Nb8 11.e4 a5 12.Ne1 Na6 13.Nd3 Bd7 14.b3 c6 15.Rac1
cxd5 16.cxd5 1/2-1/2

[Event "19th Bosna it"]
[Site "Sarajevo YUG"]
[Date "1980.03.31"]
[Round "14"]
[White "Marjanovic, Slavoljub"]
[Black "Bistric, Faruk"]
[Result "0-1"]
[WhiteElo "2505"]
[BlackElo "2245"]
[EventDate "1980.03.16"]
[PlyCount "80"]

1.e4 c5 2.Nf3 d6 3.d4 cxd4 4.Nxd4 Nf6 5.Nc3 a6 6.Be2 e5 7.Nb3 Be7 8.O-O 
O-O 9.a4 Nc6 10.Kh1 Nb4 11.Bg5 Qc7 12.a5 Bd7 13.Qd2 Rac8 14.Rfc1 Rfd8 15.
Be3 Re8 16.f3 Be6 17.f4 d5 18.Bb6 Qc6 19.f5 d4 20.fxe6 dxc3 21.exf7+ Kxf7 
22.bxc3 Qxc3 23.Qg5 Kg8 24.Qf5 Bf8 25.Bf2 Rc6 26.Be1 Qe3 27.Bxb4 Qxe2 28.
Bxf8 Rxf8 29.Re1 Qxc2 30.Rab1 Nxe4 31.Qxe5 Rcf6 32.Qd5+ Kh8 33.h3 Nc3 34.
Qc5 Qd3 35.Rbc1 Ne4 36.Qc2 Nf2+ 37.Kg1 Nxh3+ 38.gxh3 Qxh3 39.Re2 Rf1+ 40.
Rxf1 Rxf1# 0-1